[Event "IBCA World Cup 6th"]
[Site "Calimanesti"]
[Date "2010.04.28"]
[Round "7.3"]
[White "Zsiltzova Lisenko, Lubov"]
[Black "Mynzat, Gerasim"]
[Result "1-0"]
[WhiteElo "2276"]
[BlackElo "1856"]
[PlyCount "51"]
[EventDate "2010.04.21"]
[EventType "team-tourn"]
[EventRounds "7"]
[EventCountry "ROU"]
[SourceTitle "EXT 2011"]
[Source "ChessBase"]
[SourceDate "2010.11.26"]
[SourceVersion "1"]
[SourceVersionDate "2010.11.26"]
[SourceQuality "1"]
[WhiteTeam "Ukraine (blind)"]
[BlackTeam "Moldova (blind)"]
[WhiteTeamCountry "UKR"]
[BlackTeamCountry "MDA"]

1. e4 d6 2. d4 Nf6 3. Nc3 c6 4. f4 Qa5 5. Bd3 e5 6. dxe5 dxe5 7. f5 Na6 8. Qe2 Nc5 9. Nf3 Nxd3+ 10. cxd3 Bd7 11. 0-0 Bc5+ 12. Kh1 Qc7 13. Bg5 Be7 14. Rad1 Ng8 15. Be3 Nf6 16. d4 exd4 17. Nxd4 0-0 18. Bf4 Qa5 19. e5 Nd5 20. Nxd5 cxd5 21. f6 Bc5 22. Qh5 Rfe8 23. Nb3 Qb6 24. Nxc5 Qxc5 25. Qg5 g6 26. Rxd5 1-0

[Event "IBCA World Cup 6th"]
[Site "Calimanesti"]
[Date "2010.04.25"]
[Round "4.3"]
[White "Avram, Veso"]
[Black "Mynzat, Gerasim"]
[Result "1-0"]
[WhiteElo "2142"]
[BlackElo "1856"]
[PlyCount "75"]
[EventDate "2010.04.21"]
[EventType "team-tourn"]
[EventRounds "7"]
[EventCountry "ROU"]
[SourceTitle "EXT 2011"]
[Source "ChessBase"]
[SourceDate "2010.11.26"]
[SourceVersion "1"]
[SourceVersionDate "2010.11.26"]
[SourceQuality "1"]
[WhiteTeam "Serbia (blind)"]
[BlackTeam "Moldova (blind)"]
[WhiteTeamCountry "SRB"]
[BlackTeamCountry "MDA"]

1. d4 Nf6 2. c4 e6 3. Nc3 d5 4. cxd5 Nxd5 5. e4 Nxc3 6. bxc3 c5 7. Nf3 cxd4 8. cxd4 Bb4+ 9. Bd2 Qa5 10. a3 Bxd2+ 11. Qxd2 Qxd2+ 12. Kxd2 0-0 13. Rb1 b6 14. Rc1 Bb7 15. Ke3 Na6 16. Bxa6 Bxa6 17. Rc7 Rfc8 18. Rhc1 f6 19. Nd2 Rxc7 20. Rxc7 Rc8 21. Rxc8+ Bxc8 22. Nc4 Kf8 23. f4 Ba6 24. Nd6 Ke7 25. e5 f5 26. d5 g6 27. Kd4 Kd7 28. g3 Bf1 29. dxe6+ Kxe6 30. Nc8 Kd7 31. Nxa7 Ba6 32. a4 h6 33. Nb5 g5 34. Nd6 Ke6 35. Ne8 Kf7 36. Nc7 Bf1 37. Nd5 b5 38. a5 1-0

[Event "IBCA World Cup 6th"]
[Site "Calimanesti"]
[Date "2010.04.24"]
[Round "3.3"]
[White "Mynzat, Gerasim"]
[Black "Clemente Llamero, Roberto"]
[Result "0-1"]
[WhiteElo "1856"]
[BlackElo "2175"]
[PlyCount "66"]
[EventDate "2010.04.21"]
[EventType "team-tourn"]
[EventRounds "7"]
[EventCountry "ROU"]
[SourceTitle "EXT 2011"]
[Source "ChessBase"]
[SourceDate "2010.11.26"]
[SourceVersion "1"]
[SourceVersionDate "2010.11.26"]
[SourceQuality "1"]
[WhiteTeam "Moldova (blind)"]
[BlackTeam "Spain (blind)"]
[WhiteTeamCountry "MDA"]
[BlackTeamCountry "ESP"]

1. e4 c5 2. Nf3 d6 3. d4 cxd4 4. Nxd4 Nf6 5. Nc3 a6 6. Be2 e5 7. Nb3 Be7 8. 0-0 0-0 9. Be3 Be6 10. Nd5 Nbd7 11. f3 Nxd5 12. exd5 Bf5 13. Qd2 a5 14. Rad1 a4 15. Nc1 Qc7 16. c3 Rfc8 17. f4 exf4 18. Rxf4 Bg6 19. Rc4 Qa5 20. Rxc8+ Rxc8 21. c4 Qxd2 22. Rxd2 b5 23. c5 Nxc5 24. Bxb5 Ne4 25. Rd4 Bf6 26. Rxa4 Bxb2 27. Bc6 Nc3 28. Rc4 h5 29. Kf2 Nd1+ 30. Ke2 Nxe3 31. Kxe3 Rc7 32. Nd3 Re7+ 33. Kd2 Bf6 0-1

[Event "IBCA-ol blind 13th"]
[Site "Heraklion"]
[Date "2008.10.23"]
[Round "5.3"]
[White "Mynzat, Gerasim"]
[Black "Irimia, Mihai"]
[Result "0-1"]
[WhiteElo "1918"]
[BlackElo "1998"]
[PlyCount "38"]
[EventDate "2008.10.19"]
[EventType "team-swiss"]
[EventRounds "9"]
[EventCountry "GRE"]
[SourceTitle "EXT 2010"]
[Source "ChessBase"]
[SourceDate "2010.11.25"]
[SourceVersion "1"]
[SourceVersionDate "2010.11.25"]
[SourceQuality "1"]
[WhiteTeam "Moldova (blind)"]
[BlackTeam "Romania (blind)"]
[WhiteTeamCountry "MDA"]
[BlackTeamCountry "ROU"]

1. e4 c6 2. d4 d5 3. Nd2 dxe4 4. Nxe4 Bf5 5. Ng3 Bg6 6. h4 h6 7. h5 Bh7 8. Nf3 Nd7 9. Bd3 Bxd3 10. Qxd3 e6 11. Bf4 Qa5+ 12. Bd2 Bb4 13. c3 Be7 14. 0-0 Ngf6 15. c4 Qc7 16. Rfe1 Bd6 17. Ne4 Nxe4 18. Qxe4 c5 19. Qg4 Nf6 0-1

[Event "IBCA-ol blind 13th"]
[Site "Heraklion"]
[Date "2008.10.22"]
[Round "4.3"]
[White "Holmela, Kari"]
[Black "Mynzat, Gerasim"]
[Result "1-0"]
[WhiteElo "1933"]
[BlackElo "1918"]
[PlyCount "69"]
[EventDate "2008.10.19"]
[EventType "team-swiss"]
[EventRounds "9"]
[EventCountry "GRE"]
[SourceTitle "EXT 2010"]
[Source "ChessBase"]
[SourceDate "2010.11.25"]
[SourceVersion "1"]
[SourceVersionDate "2010.11.25"]
[SourceQuality "1"]
[WhiteTeam "Finland (blind)"]
[BlackTeam "Moldova (blind)"]
[WhiteTeamCountry "FIN"]
[BlackTeamCountry "MDA"]

1. d4 Nf6 2. Nf3 e6 3. Bg5 Be7 4. e3 d5 5. Bd3 h6 6. Bxf6 Bxf6 7. Nbd2 0-0 8. 0-0 b6 9. e4 Bb7 10. e5 Be7 11. Re1 c5 12. c3 Nc6 13. Rc1 Rc8 14. Nf1 cxd4 15. cxd4 Nb4 16. Bb1 Rxc1 17. Qxc1 Qc7 18. a3 Rc8 19. Qc2 Nc6 20. Qc3 g6 21. h4 Kh7 22. h5 Rg8 23. Ne3 Qc8 24. Ng4 Ba6 25. Qd2 Qf8 26. Rc1 Na5 27. Rc7 Nc4 28. Qc1 Rh8 29. hxg6+ fxg6 30. Rxa7 Bb5 31. Nf6+ Kg7 32. Qc2 Be8 33. Nh4 Qf7 34. Nxg6 Qxg6 35. Rxe7+ 1-0

[Event "IBCA-ol blind 13th"]
[Site "Heraklion"]
[Date "2008.10.21"]
[Round "3.3"]
[White "Mynzat, Gerasim"]
[Black "Harnandan, Sergio"]
[Result "0-1"]
[WhiteElo "1918"]
[BlackElo "1400"]
[PlyCount "146"]
[EventDate "2008.10.19"]
[EventType "team-swiss"]
[EventRounds "9"]
[EventCountry "GRE"]
[SourceTitle "EXT 2010"]
[Source "ChessBase"]
[SourceDate "2010.11.25"]
[SourceVersion "1"]
[SourceVersionDate "2010.11.25"]
[SourceQuality "1"]
[WhiteTeam "Moldova (blind)"]
[BlackTeam "Netherlands (blind)"]
[WhiteTeamCountry "MDA"]
[BlackTeamCountry "NED"]

1. e4 c6 2. d4 d5 3. Nc3 dxe4 4. Nxe4 Bf5 5. Ng3 Bg6 6. h4 h6 7. Nf3 Nd7 8. h5 Bh7 9. Bd3 Bxd3 10. Qxd3 e6 11. Bf4 Qa5+ 12. Bd2 Qb6 13. 0-0-0 Ngf6 14. c4 c5 15. d5 0-0-0 16. dxe6 Ne5 17. Qc3 Nd3+ 18. Kb1 Nxf2 19. Qe3 Nxh1 20. Rxh1 Qxe6 21. Qxe6+ fxe6 22. Re1 Bd6 23. Ne4 Rhe8 24. Nxf6 gxf6 25. Bxh6 Bg3 26. Rh1 Rd7 27. Be3 Red8 28. Kc2 b6 29. h6 Rh7 30. Rh3 Rg8 31. a3 e5 32. Kd3 Bf4 33. Bxf4 exf4 34. Ke4 Rxg2 35. Kxf4 Rg6 36. Rh2 Rgxh6 37. Re2 Kd8 38. b4 Re7 39. Rb2 cxb4 40. axb4 Kc7 41. Ra2 Kb7 42. Rd2 Rc7 43. Rc2 a5 44. bxa5 bxa5 45. Ke4 a4 46. Kd4 Rh3 47. Rc3 Ka6 48. c5 Kb5 49. Kd5 Kb4 50. Rc4+ Ka3 51. Nd4 Rd3 52. Ke4 Rxd4+ 53. Kxd4 Kb3 54. Rc3+ Kb2 55. Rc4 a3 56. Rb4+ Kc2 57. Rc4+ Kb3 58. Rc3+ Kb4 59. Rc4+ Kb5 60. Rc2 f5 61. Kd5 f4 62. Kd6 Rc6+ 63. Kd5 f3 64. Rc3 f2 65. Rb3+ Ka4 66. Rf3 Rxc5+ 67. Kxc5 a2 68. Rxf2 a1Q 69. Rf4+ Kb3 70. Rb4+ Ka3 71. Rb6 Qc3+ 72. Kd6 Qd4+ 73. Kc6 Ka4 0-1

[Event "IBCA-ol blind 12th"]
[Site "La Pineda"]
[Date "2004.11.12"]
[Round "9.2"]
[White "Gerold, Arnold"]
[Black "Mynzat, Gerasim"]
[Result "1/2-1/2"]
[WhiteElo "2000"]
[BlackElo "2024"]
[PlyCount "51"]
[EventDate "2004.11.03"]
[EventType "team-swiss"]
[EventRounds "9"]
[EventCountry "ESP"]
[SourceTitle "EXT 2010"]
[Source "ChessBase"]
[SourceDate "2010.11.25"]
[SourceVersion "1"]
[SourceVersionDate "2010.11.25"]
[SourceQuality "1"]
[WhiteTeam "Austria (blind)"]
[BlackTeam "Moldova (blind)"]
[WhiteTeamCountry "AUT"]
[BlackTeamCountry "MDA"]

1. e4 Nf6 2. Nc3 d5 3. e5 Nfd7 4. d4 e6 5. f4 c5 6. Nf3 Nc6 7. Be3 a6 8. Qd2 b5 9. Be2 Bb7 10. a3 Rc8 11. 0-0 Be7 12. Rac1 0-0 13. Kh1 cxd4 14. Nxd4 Nxd4 15. Bxd4 Qc7 16. Bd3 g6 17. Rf3 Bc5 18. Bxc5 Nxc5 19. Rh3 f5 20. Ne2 Qf7 21. Nd4 Rc7 22. Kg1 Rfc8 23. Nf3 Nb3 24. Qe1 Nxc1 25. Qxc1 Qe8 26. Qe1 1/2-1/2

[Event "IBCA-ol blind 12th"]
[Site "La Pineda"]
[Date "2004.11.09"]
[Round "8.2"]
[White "Mynzat, Gerasim"]
[Black "Muri, Emil"]
[Result "1/2-1/2"]
[WhiteElo "2024"]
[BlackElo "2011"]
[PlyCount "20"]
[EventDate "2004.11.03"]
[EventType "team-swiss"]
[EventRounds "9"]
[EventCountry "ESP"]
[SourceTitle "EXT 2010"]
[Source "ChessBase"]
[SourceDate "2010.11.25"]
[SourceVersion "1"]
[SourceVersionDate "2010.11.25"]
[SourceQuality "1"]
[WhiteTeam "Moldova (blind)"]
[BlackTeam "Slovenia (blind)"]
[WhiteTeamCountry "MDA"]
[BlackTeamCountry "SLO"]

1. e4 e5 2. Bc4 Nf6 3. d3 Nc6 4. Nf3 Be7 5. c3 0-0 6. Bb3 d6 7. Nbd2 Be6 8. Bc2 d5 9. Qe2 d4 10. Nf1 g6 1/2-1/2

[Event "IBCA-ol blind 12th"]
[Site "La Pineda"]
[Date "2004.11.08"]
[Round "6.2"]
[White "Mynzat, Gerasim"]
[Black "Schmeisser, Andre"]
[Result "1-0"]
[WhiteElo "2024"]
[BlackElo "2020"]
[PlyCount "65"]
[EventDate "2004.11.03"]
[EventType "team-swiss"]
[EventRounds "9"]
[EventCountry "ESP"]
[SourceTitle "EXT 2010"]
[Source "ChessBase"]
[SourceDate "2010.11.25"]
[SourceVersion "1"]
[SourceVersionDate "2010.11.25"]
[SourceQuality "1"]
[WhiteTeam "Moldova (blind)"]
[BlackTeam "France (blind)"]
[WhiteTeamCountry "MDA"]
[BlackTeamCountry "FRA"]

1. e4 e6 2. d4 d5 3. Nd2 Be7 4. c3 c5 5. exd5 exd5 6. dxc5 Bxc5 7. Nb3 Qe7+ 8. Be2 Bb6 9. Nf3 Nf6 10. 0-0 0-0 11. Bg5 Nc6 12. Bxf6 Qxf6 13. Qxd5 Bg4 14. Rfe1 Rad8 15. Qg5 Qxg5 16. Nxg5 Bxe2 17. Rxe2 Rd5 18. Nf3 Rfd8 19. Rae1 f6 20. Re8+ Rxe8 21. Rxe8+ Kf7 22. Re1 a5 23. a4 g5 24. h3 h5 25. g4 hxg4 26. hxg4 Kg6 27. Kg2 f5 28. Re6+ Kg7 29. gxf5 Rxf5 30. Nfd4 Rf4 31. Rxc6 Bxd4 32. Nxd4 bxc6 33. Ne6+ 1-0